000 01011nmc a2200361 a 4500
003 AR-BaBNM
005 20251128211014.0
008 132020s2001 ||||||||||||||000 | spa||
020 _a950-802-125-X
040 _cAR-BaBNM
100 1 _aMorales, Liliana Aurora
245 1 0 _aMujeres jefas de hogar, características y tácticas de supervivencia
_buna intervención desde el trabajo social
250 _a1ª ed.
260 _aBuenos Aires
_bEspacio Editorial
_c2001
300 0 _a97 p.
490 0 _aCiencias Sociales
504 _aBibliografía en p. 93
650 4 _aTRABAJO SOCIAL
650 4 _aMUJERES
650 4 _aRELACIONES FAMILIARES
650 4 _aESTRUCTURA FAMILIAR
650 4 _aPOBREZA
650 4 _aINVESTIGACION SOCIAL
650 4 _aSOCIOLOGIA
650 4 _aJEFES DE FAMILIA
650 4 _aROL DE LA MUJER
650 4 _aTRABAJADORAS
650 4 _aEMPLEO DE LAS MUJERES
653 0 _aGENERO
700 1 _aPaura, Vilma
_eprologuista
942 _cBK
998 _calicia
999 _c17850
_d17850